TheChallenge of the Silver Screen (Record no. 19686)

MARC details
000 -LEADER
fixed length control field 00305nam a22001337a 4500
020 ## - INTERNATIONAL STANDARD BOOK NUMBER
ISBN 9789004168619
082 ## - DEWEY DECIMAL CLASSIFICATION NUMBER
Classification number 791.43612 BAK
100 ## - MAIN ENTRY--AUTHOR NAME
Author name Bakker, Freel L.
245 ## - TITLE STATEMENT
Title TheChallenge of the Silver Screen
260 ## - PUBLICATION, DISTRIBUTION, ETC. (IMPRINT)
Place of publication Bosten
Name of publisher Brill
Year of publication 2009
300 ## - PHYSICAL DESCRIPTION
Number of Pages 282
650 ## - SUBJECT ADDED ENTRY--TOPICAL TERM
Topical Term Films-Religious
942 ## - ADDED ENTRY ELEMENTS (KOHA)
Koha item type Books
Holdings
Home library Current library Date acquired Source of acquisition Cost, normal purchase price Full call number Accession Number Koha item type
Henry Martyn Institute Library Henry Martyn Institute Library 09/08/2015 Dr. Andreas D' souza 0.00 791.43612 BAK 11-2432 Books
                   Copyright © 2026 | Henry Martyn Institute | Hyderabad | TS-500052 | INDIA | Implemented by hmi.edu.in
Hit-Count:

Powered by Koha